| 000 | 00476nam a22001817a 4500 | ||
|---|---|---|---|
| 003 | MPLRDC | ||
| 005 | 20220104202618.0 | ||
| 008 | 210129b ||||| |||| 00| 0 eng d | ||
| 082 | _a868.71 JLPJ | ||
| 100 | _a | ||
| 245 |
_a依法重选重建董总 _c |
||
| 250 | _a三版一刷 | ||
| 260 |
_a马来西亚 _b吉隆坡暨雪兰莪中华大会堂 等 _c2015 |
||
| 300 | _b平 | ||
| 520 | _a新书上架 2018-07-01。 | ||
| 650 | _a马华文学 | ||
| 942 |
_cBK _o868.71 JLPJ |
||
| 999 |
_c67725 _d67715 |
||